000 01166nam a2200361 a 4500
001 015360807
003 EG-ScBUE
005 20250223100240.0
008 081126t2024 enkabk f bd 001 0 eng d
020 _a9781292458489 (pbk.)
020 _a1292458488 (pbk.)
040 _aUk
_beng
_erda
_cUk
_dEG-ScBUE
082 0 4 _a657.3
_222
_bFRA
100 1 _aFraser, Lyn M,
_eauthor.
_936881
245 1 0 _aUnderstanding financial statements /
_cLyn M. Fraser, Aileen Ormiston.
250 _aTwelfth edition.
250 _aGlobal edition.
264 1 _aHarlow, United Kingdom :
_bPearson Education Limited,
_c[2024]
264 4 _cc2024
300 _axviii, 269 pages :
_bforms, maps, tables ;
_c24 cm
336 _2rdacontent
_atext
_btxt
337 _2rdamedia
_aunmediated
_bn
338 _2rdacarrier
_avolume
_bnc
500 _aIncludes appendixes.
500 _aIncludes glossary.
504 _aIncludes bibliographical references and index.
650 7 _aFinancial statements.
_2BUEsh
_94982
653 _bBUSECO
_cFebruary2025
655 _vReading book
700 1 _aOrmiston, Aileen,
_eauthor.
_936882
942 _2ddc
_cBB
999 _c30906
_d30877